000 00287nam a22001337a 4500
008 171222b xxu||||| |||| 00| 0 eng d
020 _a9780312405533
041 _aeng
080 _a912
100 _a16
101 _aHIS
245 _aRereading America
_cColombo, G
942 _2udc
_cBK
999 _c39331
_d39331